000 00859nam a2200277 a 4500
001 551049
003 OSt
005 20250901165801.0
008 900103s1989 maua b 001 0 eng
010 _a 88081348
020 _a0395433347
040 _aDLC
_cDLC
_dDLC
050 0 0 _aHD 58 .7 .G74 1989
_b.G74 1989
082 0 0 _a658.4
_220
100 1 _aMoorhead, Gregory.
245 1 0 _aOrganizational behavior /
_cGregory Moorhead, Ricky W. Griffin.
250 _a2nd ed.
260 _aBoston :
_bHoughton Mifflin Co.,
_cc1989.
300 _axxii, 807 p. :
_bill. (some col.) ;
_c24 cm.
500 _aGriffin's name appears first on the earlier edition.
504 _aIncludes bibliographical references.
650 0 _aOrganizational behavior.
700 1 _aGriffin, Ricky W.
906 _a7
_bcbc
_corignew
_d3
_eopcn
_f19
_gy-gencatlg
942 _2lcc
_cBK
999 _c9187
_d9187